Largest constellations - Statistics

General Stats
  • This quiz has been taken 5 times
  • The average score is 3 of 12
Answer Stats
Answer % Correct
3 Ursa Major
80%
5 Hercules
40%
1 Hydra
40%
4 Cetus
20%
7 Draco
20%
9 Eridanus
20%
8 Leo
20%
12 Lynx
20%
6 Pegasus
20%
2 Virgo
20%
11 Andromeda
0%
10 Centaurus
0%
No matching quizzes found
Score Distribution
Percent of People with Each Score
Percentile by Number Answered
Your Score History
You have not taken this quiz